| 000 | 01262cam a2200373 a 4500 | ||
|---|---|---|---|
| 999 |
_c7447 _d7447 |
||
| 001 | 991004691529706706 | ||
| 003 | OSt | ||
| 005 | 20211126132706.0 | ||
| 008 | 081202s2008 spc|||| |||| 000 ||cat | ||
| 015 |
_aLL2008 _2bnc |
||
| 017 |
_aDL B. 45665-2008 _bBiblioteca de Catalunya |
||
| 020 | _a9788429761573 | ||
| 035 | _a(ES-BaCBU)b41007062-34csuc_network | ||
| 035 | _a(ES-BaCBU).b41007062 | ||
| 035 | _a(ccuc001)b41007062 | ||
| 035 | _a(OCoLC)804109352 | ||
| 040 |
_aES-BaCBU _bcat _cES-BaCBU _dES-BaBC |
||
| 043 |
_ae-sp--- _be-spc-- _2catmarc |
||
| 080 | _a325.14(467.1) | ||
| 100 | 1 |
_aCandel, Francisco _92983 |
|
| 245 | 1 | 4 |
_aEls Altres catalans / _cFrancesc Candel ; pròleg de Najat El Hachmi ; edició de Jordi Amat |
| 250 | _a1a ed. no censurada | ||
| 260 |
_aBarcelona : _bEdicions 62, _c2008 |
||
| 300 |
_a403 p., [4] p. : _btaules ; _c18 cm |
||
| 490 | 1 |
_aLlibres a l'abast ; _v13 |
|
| 650 | 7 |
_aImmigrants _zCatalunya. _2lemac _xRelats personals |
|
| 650 | 0 |
_aReportatges literaris _9797 |
|
| 700 | 1 |
_aAmat, Jordi _d1978- _94555 |
|
| 830 | 0 |
_aLlibres a l'abast ; _v13 |
|
| 907 |
_a.b41007062 _b17-06-21 _c02-12-08 _d04-12-08 _em _fa _g- _hcat _ispc _j0 _k2 |
||
| 908 |
_aUdL _aBC _aURL _aUdG _aUB _aUAB _aGCDGPL |
||
| 940 | _aBC | ||
| 942 |
_2udc _cMON |
||